| 000 | 01425nam a2200397 i 4500 | ||
|---|---|---|---|
| 001 | 197872 | ||
| 003 | ES-MaACL | ||
| 005 | 20251218063016.0 | ||
| 007 | ta | ||
| 008 | 251015b2025 sp ||||| |||| 00| 0 spa d | ||
| 017 | _aM 14539-2025 | ||
| 020 | _a 978-84-10182-24-0 | ||
| 040 |
_bspa _cES-MaACL _aES-MaACL _erda |
||
| 080 | _a821.222.1-31"20" | ||
| 100 | 1 |
_aAtaei, Aliyeh _9242387 _eaut |
|
| 240 | 1 |
_9242624 _aKoorsorkhi. _lEspañol |
|
| 245 | 1 | 3 |
_aLa frontera de los olvidados / _cAliyeh Ataei ; traducción, Javier Hernández Díaz ; prólogo, Atiq Rahimi |
| 250 | _aPrimera edición, octubre 2025 | ||
| 264 | 1 |
_a[Madrid] : _bDe Conatus, _c2025 |
|
| 300 |
_a147 páginas ; _c21 cm |
||
| 336 |
_2rdacontent _atexto |
||
| 337 |
_2rdamedia _asin mediación |
||
| 338 |
_2rdacarrier _avolumen |
||
| 490 | 0 |
_aColección ¿qué nos contamos hoy? _pNarrativa |
|
| 500 | _aEjemplar firmado y dedicado por el autor | ||
| 500 | _aTítulo original: Koorsorkhi | ||
| 500 | _aÍndice | ||
| 655 | 4 |
_9234402 _aNovelas sociales |
|
| 700 | 1 |
_9242626 _aHernández Díaz, Javier _etrl |
|
| 852 |
_aES-MaCL _cDEPO1 _jA-15876 _xEncuadernación rústica con solapas _9206999 |
||
| 942 |
_cMONOGRAFIA _n0 |
||
| 999 |
_c197872 _d197872 |
||